000 01478nam a2200421 i 4500
001 25297
003 KOSZ 005
005 20221208115951.0
008 961010s1995 pl f f |000 0 pol d
020 _a8385366512
040 _cKOSZ 005
_aKOSZ 005
_dKOSZ 005/HR
041 1 _apol
_hfre
046 _k1995
080 _a658.11-022.5
080 _a005.2
080 _a(07)
100 1 _aSainte, Marie Georges de
_eAutor
245 1 0 _aKierowanie małym i średnim przedsiębiorstwem :
_b10 etapów /
_cGeorges de Sainte Marie ; przekł. z fr. Marian Egeman.
246 _iTyt. oryg.:
_aDiriger une PME. 10 étapes
260 _aWarszawa :
_bPoltext,
_c1995.
300 _a163 s. :
_bwykr. ;
_c25 cm.
336 _2rdacontent
_aTekst
_btxt
337 _2rdamedia
_aBez urządzenia pośredniczącego
_bn
338 _2rdacarrier
_aWolumin
_bnc
380 _aKsiążki
388 _a1901-2000
388 _a1989-2000
490 1 _aFinanse - Zarządzanie - Rozwój
500 _aOryg.: "Diriger une PME. 10 étapes" 1992.
650 9 _aPrzedsiębiorstwa małe i średnie (MŚP)
650 4 _aZarządzanie
658 _aZarządzanie i marketing
700 1 _aEgeman, Marian
_d(1940- )
_eTłumaczenie
710 _aWydawnictwo Poltext
_4pbl
830 _aFinanse, Zarządzanie, Rozwój
856 _uhttp://koha.tu.koszalin.pl/cgi-bin/koha/opac-detail.pl?biblionumber=25297
_yKatalog online BPK
942 _cKS
_2UKD
999 _c25297
_d25297